Fixing global finance : (Record no. 82282)

MARC details
000 -LEADER
fixed length control field 00632nam a22001937a 4500
005 - DATE AND TIME OF LATEST TRANSACTION
control field 20140416152438.0
010 ## - LCCN (DPL NO)
LC control number ENG-109223
020 ## - INTERNATIONAL STANDARD BOOK NUMBER
Terms of availability 100.00
035 ## - SYSTEM CONTROL NUMBER
System control number EN-92756
037 ## - SOURCE OF ACQUISITION
Source of stock number/acquisition DBAD/PUB
082 ## - DEWEY DECIMAL CLASSIFICATION NUMBER
Classification number 332.042
100 ## - MAIN ENTRY--PERSONAL NAME
Personal name Kavaljit Singh
245 ## - TITLE STATEMENT
Title Fixing global finance :
Statement of responsibility, etc by Kavaljit Singh
Remainder of title a developing country perspective on global financial reforms /
260 ## - PUBLICATION, DISTRIBUTION, ETC. (IMPRINT)
Place of publication, distribution, etc Hyderabad
Name of publisher, distributor, etc Prajasakti Book House
Date of publication, distribution, etc 2011
270 ## - ADDRESS
Address M.H. Bhavan, Plot No.21/1, Azamabad
City Hyderabad
Postal code 500020
300 ## - PHYSICAL DESCRIPTION
Extent 127p.
Dimensions 22cm(pbk)
500 ## - GENERAL NOTE
General note Includes bibliographical references
942 ## - ADDED ENTRY ELEMENTS (KOHA)
Source of classification or shelving scheme Dewey Decimal Classification
Item type English Books
Call number suffix KAV
Classification part 332.042
Holdings
Withdrawn status Lost status Not for loan Collection code Home library Current library Date acquired Source of acquisition Cost, normal purchase price Full call number Barcode Copy number Cost, replacement price Koha item type
    Not For Loan Non-fiction D.B.Act.Division D.B.Act.Division 30/01/2014 DBAD/PUB 100.00 332.042 KAV EN-92756 1 100.00 English Books

© Delhi Public Library
Hit Counter
free hit counter